00668nam a2200181Ia 4500008004100000020001800041041000800059082001800067100001400085245007900099260001800178300000800196365001600204700001400220906005600234999001900290952017700309230718s9999 xx 000 0 und d a9789353949143 aeng a005.13'3bSHA aShaw Z.A. aLearn More Python 3 The Hard WaybThe Next Step For New Python Programmers c2022bPearson a217 cRs.b449.00 aShaw Z.A. dO:0735116-Dec-2021B:IN49802-Dec-2021cBCOMPb112.25 c352170d352170 00104070aCCEPbCCEPd2021-12-16ePradeep Book DistributorsfBCOMPg336.75iIN498l0o005.13'3pCCEP-BK-63381r2023-07-18 00:00:00t112.25v449.00w2021-12-02yBKz063381